[Event "Extremadura-chT"]
[Site "Spain"]
[Date "2009.03.21"]
[Round "9.1"]
[White "Benavente Miguel, Agustin"]
[Black "Corbacho Charneco, Ismael"]
[Result "0-1"]
[WhiteElo "1710"]
[BlackElo "2063"]
[PlyCount "58"]
[EventDate "2009.01.17"]
[EventType "team-swiss"]
[EventRounds "9"]
[EventCountry "ESP"]
[SourceTitle "EXT 2011"]
[Source "ChessBase"]
[SourceDate "2010.11.26"]
[SourceVersion "1"]
[SourceVersionDate "2010.11.26"]
[SourceQuality "1"]
[WhiteTeam "La Galeria"]
[BlackTeam "Ruy Lopez"]
[WhiteTeamCountry "ESP"]
[BlackTeamCountry "ESP"]

1. e4 d5 2. e5 d4 3. b3 c5 4. Bc4 e6 5. Nf3 Nc6 6. 0-0 Nge7 7. Re1 Nd5 8. c3 g5 9. h3 h5 10. Nh2 Bg7 11. cxd4 cxd4 12. Bb5 Bd7 13. Bxc6 Bxc6 14. d3 Rc8 15. Bd2 b5 16. g4 Nf4 17. Bxf4 gxf4 18. Nd2 Qh4 19. Ne4 Qxh3 20. g5 Bxe5 21. Qf3 Qf5 22. Rac1 Ke7 23. Kh1 Bb7 24. Rg1 Rc3 25. Rxc3 dxc3 26. Qe2 f3 27. Qf1 Qf4 28. Qh3 Bxe4 29. dxe4 c2 0-1

[Event "Extremadura-chT"]
[Site "Spain"]
[Date "2009.02.28"]
[Round "6.1"]
[White "Solis Fernandez, Fernando"]
[Black "Benavente Miguel, Agustin"]
[Result "1/2-1/2"]
[WhiteElo "1768"]
[BlackElo "1710"]
[PlyCount "144"]
[EventDate "2009.01.17"]
[EventType "team-swiss"]
[EventRounds "9"]
[EventCountry "ESP"]
[SourceTitle "EXT 2011"]
[Source "ChessBase"]
[SourceDate "2010.11.26"]
[SourceVersion "1"]
[SourceVersionDate "2010.11.26"]
[SourceQuality "1"]
[WhiteTeam "Ateneo Cacereno II"]
[BlackTeam "La Galeria"]
[WhiteTeamCountry "ESP"]
[BlackTeamCountry "ESP"]

1. e4 c5 2. Nf3 d6 3. d4 cxd4 4. Nxd4 Nf6 5. Nc3 a6 6. Be2 Nc6 7. Be3 g6 8. f3 Bg7 9. Qd2 0-0 10. 0-0-0 Nxd4 11. Bxd4 Qa5 12. Kb1 Qd8 13. g4 b5 14. g5 Nh5 15. Bxg7 Nxg7 16. h4 Be6 17. f4 b4 18. Nd5 Bxd5 19. Qxd5 Qc7 20. f5 Rac8 21. Rd2 gxf5 22. exf5 Qc6 23. Bg4 Qxd5 24. Rxd5 Rc4 25. Be2 Rf4 26. Bd3 f6 27. g6 h6 28. b3 Ne8 29. Bc4 e6 30. fxe6 Kg7 31. h5 Re4 32. Rd2 f5 33. Re2 Rxe2 34. Bxe2 Nc7 35. Rd1 Rd8 36. Rf1 Rf8 37. Rd1 Rd8 38. e7 Rd7 39. Bxa6 Rxe7 40. Rxd6 Nxa6 41. Rxa6 f4 42. Rd6 f3 43. Rd2 Re1+ 44. Kb2 Re2 45. Rd7+ Kg8 46. Rd8+ Kg7 47. Rd7+ Kg8 48. Rf7 f2 49. Rf5 Kg7 50. Rf7+ Kg8 51. Rf5 Kg7 52. a4 bxa3+ 53. Kxa3 Rxc2 54. b4 Re2 55. b5 Re3+ 56. Ka4 Re2 57. b6 Re4+ 58. Kb3 Re6 59. Rf7+ Kg8 60. b7 Rb6+ 61. Kc4 Rxb7 62. Rxf2 Ra7 63. Rf5 Rd7 64. Rd5 Ra7 65. Kd4 Kg7 66. Ke5 Re7+ 67. Kf5 Re1 68. Re5 Rf1+ 69. Ke6 Rf6+ 70. Kd7 Ra6 71. Re7+ Kg8 72. Re6 Ra7+ 1/2-1/2

[Event "Extremadura-chT"]
[Site "Spain"]
[Date "2009.02.07"]
[Round "4.1"]
[White "Ugalde Ortiz, Antonio"]
[Black "Benavente Miguel, Agustin"]
[Result "1/2-1/2"]
[WhiteElo "1916"]
[BlackElo "1710"]
[PlyCount "49"]
[EventDate "2009.01.17"]
[EventType "team-swiss"]
[EventRounds "9"]
[EventCountry "ESP"]
[SourceTitle "EXT 2011"]
[Source "ChessBase"]
[SourceDate "2010.11.26"]
[SourceVersion "1"]
[SourceVersionDate "2010.11.26"]
[SourceQuality "1"]
[WhiteTeam "Lasker"]
[BlackTeam "La Galeria"]
[WhiteTeamCountry "ESP"]
[BlackTeamCountry "ESP"]

1. Nf3 c5 2. c4 g6 3. Nc3 Bg7 4. e3 Nc6 5. d4 cxd4 6. exd4 d6 7. d5 Ne5 8. Nxe5 Bxe5 9. Be3 Bg7 10. Bd3 Nf6 11. 0-0 0-0 12. Qd2 Ng4 13. Bg5 Ne5 14. Be2 Bf5 15. Rad1 Rc8 16. b3 a6 17. h3 f6 18. Be3 Qc7 19. a4 Rfe8 20. Bd4 Qa5 21. Qe3 Qc7 22. Bb6 Qb8 23. Ba7 Qc7 24. Bb6 Qb8 25. Ba7 1/2-1/2

[Event "Extremadura-chT"]
[Site "Spain"]
[Date "2009.01.17"]
[Round "1.1"]
[White "Benavente Miguel, Agustin"]
[Black "Planton Blanco, Jose Miguel"]
[Result "1-0"]
[WhiteElo "1710"]
[BlackElo "1933"]
[PlyCount "137"]
[EventDate "2009.01.17"]
[EventType "team-swiss"]
[EventRounds "9"]
[EventCountry "ESP"]
[SourceTitle "EXT 2011"]
[Source "ChessBase"]
[SourceDate "2010.11.26"]
[SourceVersion "1"]
[SourceVersionDate "2010.11.26"]
[SourceQuality "1"]
[WhiteTeam "La Galeria"]
[BlackTeam "Don Benito"]
[WhiteTeamCountry "ESP"]
[BlackTeamCountry "ESP"]

1. e4 g6 2. d4 Bg7 3. Nf3 d6 4. Bc4 e6 5. c3 Nd7 6. 0-0 Ne7 7. Bg5 h6 8. Be3 Nf6 9. e5 Ng4 10. Bf4 g5 11. exd6 cxd6 12. Bd2 Nf6 13. Qa4+ Bd7 14. Qb3 Nc6 15. Bd3 0-0 16. Na3 Nd5 17. Bb1 Rc8 18. Qd1 g4 19. Ne1 Qh4 20. g3 Qh5 21. Be4 Nde7 22. Nd3 f5 23. Nf4 Qf7 24. Bg2 e5 25. dxe5 dxe5 26. Nd3 Rfd8 27. Qe1 Be6 28. Nc5 Bd5 29. Bxd5 Qxd5 30. Nb3 Ng6 31. Rd1 f4 32. Qe2 f3 33. Qc4 Kh7 34. Qxg4 Rc7 35. c4 Qf7 36. Nb5 Rcd7 37. Nc3 Nd4 38. Nc5 Re7 39. Nd5 Rxd5 40. cxd5 Qxd5 41. Nb3 Ne2+ 42. Kh1 Rd7 43. h4 e4 44. Kh2 h5 45. Qg5 Qxg5 46. Bxg5 Rc7 47. Rd2 Ne5 48. Bf4 Ng4+ 49. Kh3 Rf7 50. Bb8 b6 51. Rd5 Kg6 52. Rg5+ Kh6 53. Bf4 Rxf4 54. gxf4 Nxf4+ 55. Kg3 Ne2+ 56. Kh3 Nf4+ 57. Kg3 Ne2+ 58. Kh3 Bxb2 59. Rxg4 hxg4+ 60. Kxg4 Kg6 61. h5+ Kf6 62. Nd2 Ke5 63. Nc4+ Kd4 64. Nxb2 Kc3 65. Nd1+ Kb4 66. h6 Ka3 67. h7 Nd4 68. h8Q a5 69. Qxd4 1-0

[Event "Extremadura-chT"]
[Site "Spain"]
[Date "2008.02.23"]
[Round "6.2"]
[White "Benavente Miguel, Agustin"]
[Black "Corbacho Charneco, Ismael"]
[Result "0-1"]
[WhiteElo "1718"]
[BlackElo "2078"]
[PlyCount "96"]
[EventDate "2008.01.19"]
[EventType "team-swiss"]
[EventRounds "9"]
[EventCountry "ESP"]
[SourceTitle "EXT 2011"]
[Source "ChessBase"]
[SourceDate "2010.11.26"]
[SourceVersion "1"]
[SourceVersionDate "2010.11.26"]
[SourceQuality "1"]
[WhiteTeam "La Galeria"]
[BlackTeam "Ruy Lopez"]
[WhiteTeamCountry "ESP"]
[BlackTeamCountry "ESP"]

1. Nf3 g6 2. g3 Bg7 3. Bg2 e5 4. e4 Nc6 5. c3 d6 6. 0-0 g5 7. d3 h6 8. Be3 f5 9. exf5 Bxf5 10. d4 e4 11. Nfd2 Qe7 12. d5 Nd8 13. Qa4+ Kf7 14. Bxe4 Bh3 15. Bg2 Bxg2 16. Kxg2 Qe5 17. Qd7+ Ne7 18. Qxc7 Qxd5+ 19. Kg1 Rc8 20. Qd7 Ndc6 21. Qh3 h5 22. Qg2 Qb5 23. Ne4 Nf5 24. Nxg5+ Kg6 25. h4 Qxb2 26. Qd5 Rcf8 27. Ne6 Qxa1 28. Nd2 Qxc3 29. Nf4+ Kh7 30. Ne4 Qe5 31. Ng5+ Kh6 32. Nf7+ Rxf7 33. Qxf7 Kh7 34. Qg6+ Kg8 35. Ne6 Qf6 36. Qe8+ Bf8 37. Bg5 Qf7 38. Qc8 Kh7 39. Nc7 Ne5 40. Qxb7 Bh6 41. Bxh6 Kxh6 42. Qe4 Rf8 43. Qf4+ Kh7 44. Qe4 Qxc7 45. Rb1 Rf7 46. g4 Nxg4 47. Rb5 Qe7 48. Qf4 Qe1+ 0-1

[Event "Extremadura-chT"]
[Site "Spain"]
[Date "2008.01.26"]
[Round "2.2"]
[White "Benavente Miguel, Agustin"]
[Black "Gomez Gomez, Francisco Javier"]
[Result "0-1"]
[WhiteElo "1718"]
[BlackElo "2104"]
[PlyCount "60"]
[EventDate "2008.01.19"]
[EventType "team-swiss"]
[EventRounds "9"]
[EventCountry "ESP"]
[SourceTitle "EXT 2011"]
[Source "ChessBase"]
[SourceDate "2010.11.26"]
[SourceVersion "1"]
[SourceVersionDate "2010.11.26"]
[SourceQuality "1"]
[WhiteTeam "La Galeria"]
[BlackTeam "Albatros"]
[WhiteTeamCountry "ESP"]
[BlackTeamCountry "ESP"]

1. Nf3 c5 2. g3 g6 3. Bg2 Bg7 4. d4 cxd4 5. Nxd4 Nc6 6. Nxc6 bxc6 7. 0-0 Nf6 8. Nd2 0-0 9. c3 d5 10. Qa4 Qc7 11. e4 Rb8 12. exd5 cxd5 13. Nb3 e5 14. Qh4 Be6 15. Qa4 Nd7 16. Rd1 f5 17. Bxd5 Bxd5 18. Rxd5 Nb6 19. Rc5 Qxc5 20. Nxc5 Nxa4 21. Nxa4 f4 22. b4 Rbd8 23. Nc5 Bh6 24. gxf4 Rd1+ 25. Kg2 Bxf4 26. Bb2 Rxa1 27. Bxa1 Bxh2 28. Ne6 Rf6 29. Ng5 Bf4 30. Ne4 Ra6 0-1